| 000 | 00680nam a2200181Ia 4500 | ||
|---|---|---|---|
| 008 | 090123s9999 xx 000 0 und d | ||
| 082 | _b3671 | ||
| 100 | _aदेशपांडे पुरूषोत्तम यशवंत | ||
| 245 | _aअनामिकाची चिंतनीका | ||
| 250 | _a3 | ||
| 260 | _c1974 | ||
| 300 | _a110 | ||
| 600 | _aदेशपांडे पुरूषोत्तम यशवंत | ||
| 630 | _aअनामिकाची चिंतनीका | ||
| 700 | _aदेशपांडे पुरूषोत्तम यशवंत | ||
| 730 | _aअनामिकाची चिंतनीका | ||
| 942 | _cBOOK | ||
| 999 |
_c41750 _d41750 |
||